Chansons 🎶 en emojis 🎤 #7 - Statistiques

Statistiques générales
  • Ce quiz a été pris 975 fois
  • Le résultat moyen est 4 sur 10
Statistiques - réponses
Titre % Correct
👀 🤰 Les yeux de la mama Kendji Girac
83%
🥊 2️⃣ ☀️ Le coup de soleil Richard Cocciante
56%
🪆🕯 🪆🔊 Poupée de cire, poupée de son France Gall
51%
🥅 🐦 La cage aux oiseaux Pierre Perret
50%
🌆 2️⃣ 💡 Ville de lumière Gold
46%
💓 🤪 L'Amour fou Jenifer
36%
🪆🙅‍♀️ La poupée qui fait non Michel Polnareff
27%
🐍 🕺 Le serpent qui danse Baudelaire / Ferré / Gainsbourg / Feldman / Dode
18%
🧒 🥁 L'enfant au tambour
10%
👼 🤫 Paradis secret Jenifer
1%
Aucun quiz correspondant
Distribution des résultats
% des personnes avec chaque résultat
Percentile par nombre de réponses
Votre historique - résultats
Vous n’avez pas pris ce quiz